00772nam a2200217Ia 4500001001000000003000500010008004100015010001100056040000900067100003100076245018700107260003200294300001000326502003500336650004000371650003800411650004000449650002200489650002600511710001700537Para_5740CHAP220125s1959 xx 000 0 und d a204170 cCHAP aCoronado Velasco, Leopoldo aEfecto del almacenaje hermético de granos de maíz y frijol sobre la multitud de los gorgojos Sitophilus Oriza (L.) y Zabrotes Pectoralis Sharp. /c por Leopoldo Coronado Velasco aMonterrey, N.L :b el autor a44 h. aTesis (Ing. Agr.) ITESM (N.L.) aCereales x almacenamientoxplagas  aFrijol x almacenamientoxplagas  aMaíz x almacenamiento x plagas  aSitophilus oryza  aZabrotes subfasciatus aITESM (N.L.)